Zoología hispanoamericana : vertebrados /

Salvato in:
Dettagli Bibliografici
Altri autori: Cendrero, Luis (dir.) Direttore
Natura: Libro
Lingua:spagnolo
Pubblicazione: México : Porrúa, 1972, c1972
Serie:(Biblioteca de Ciencias Biológicas y Geológicas)
Soggetti:
Tags: Aggiungi Tag
Nessun Tag, puoi essere il primo ad aggiungerne!!

MARC

LEADER 00000nam^a2200000^a^4500
001 000099923
005 20250521000000.0
009 20260310093145.866
037 |a Acervo ITESO - Biblioteca 
041 |a ESP 
082 |a 591. 980  |b CEN V. 2 
100 |a Cendrero, Luis  |e (dir.) 
240 1 1 |a [Zoología hispanoamericana] 
245 1 0 |a Zoología hispanoamericana :  |b vertebrados /  |c Dir. de L. Cendrero. 
264 4 |a México :  |b Porrúa,  |c 1972, c1972 
300 |a XVIII, 1160 p. 
336 |a texto  |b txt  |2 rdacontenido 
337 |a sin mediación  |b n  |2 rdamedio 
338 |a volumen  |b nc  |2 rdasoporte 
440 1 |a (Biblioteca de Ciencias Biológicas y Geológicas) 
649 |a XX 
650 |a Peces 
650 |a Anfibios 
650 |a Reptiles 
650 |a Aves 
650 |a Mamíferos 
650 |a Vertebrados 
650 |a Fauna -  |z Latinoamérica 
650 |a Fauna -  |z Península Ibérica 
650 |a Ornitología 
650 |a Herpetología 
650 |a Ictiología 
650 |a Zoología 
650 |a Biología 
650 |a Ciencias Naturales 
910 |a Fondo Jesús Rodríguez 
920 |a Impresos - Libros 
930 |a Fondos Especiales 
905 |a 113 
901 |a 0500035972  |b IT2  |c ESP  |u 20250521 
902 |a https://opac.biblio.iteso.mx/vufind/Record/000099923